000 01064nam a22003017a 4500
001 9959
003 FISKH
005 20260319134214.0
008 260319b cb ||||| |||| 00| 0 eng d
020 _a9780064467117
040 _aFISKH
_beng
_cFISKH
_dFISKH
050 _aQA295 .M88
082 _a513.2
100 _aMurphy, Stuart J.
_eAuthor
245 _aJust enough carrots /
_cBy Stuart J. Murphy ; illustrated by Frank Remkiewicz
260 _aNew York :
_bHarperCollins Publishers Inc. ,
_c1997
300 _a31 pages :
_bcolor illustrations ;
_c21 x 26 cm
490 _aMathStart :
_vlevel 1
505 _aG
520 _aWhile a bunny and his mother shop in a grocery store for lunch guests, the reader may count and compare the amounts of carrots, peanuts, and worms in the grocery carts of other shoppers.
521 8 _a420
_bLexile
521 8 _aG
_bRaz-Plus
650 _aMathematics
_vJuvenile literature
650 _aComparison
_vCounting
700 _aRemkiewicz, Frank
_eIllustrator
942 _2ddc
_cBK
_n0
999 _c9959
_d9959